Blender 3D: Characters, Machines, and Scenes for Artists: (Record no. 346240)
[ view plain ]
| 000 -LEADER | |
|---|---|
| fixed length control field | 00364nam a2200109Ia 4500 |
| 008 - FIXED-LENGTH DATA ELEMENTS--GENERAL INFORMATION | |
| fixed length control field | 171204s9999 xx 000 0 und d |
| 245 ## - TITLE STATEMENT | |
| Title | Blender 3D: Characters, Machines, and Scenes for Artists: |
| 245 ## - TITLE STATEMENT | |
| Statement of responsibility, etc | Christopher Kuhn and Enrico Valenza |
| 260 ## - PUBLICATION, DISTRIBUTION, ETC. (IMPRINT) | |
| Date of publication, distribution, etc | 2016 |
| 650 ## - SUBJECT ADDED ENTRY--TOPICAL TERM | |
| General subdivision | Advanced 3D Computer Animation |
| 856 ## - ELECTRONIC LOCATION AND ACCESS | |
| Uniform Resource Identifier | <a href="http://down.ebook777.com/058/1787123146.pdf">http://down.ebook777.com/058/1787123146.pdf</a> |
| Withdrawn status | Lost status | Damaged status | Home library | Current library | Date acquired | Total Checkouts | Date last seen | Price effective from | Koha item type |
|---|---|---|---|---|---|---|---|---|---|
| College Library | College Library | 12/04/2017 | 12/04/2017 | 12/04/2017 | Curriculum - Based eBooks |